| 000 | 00512nam a22001817a 4500 | ||
|---|---|---|---|
| 005 | 20230403160417.0 | ||
| 008 | 230125b |||||||| |||| 00| 0 eng d | ||
| 020 | _a978-084939016-6 | ||
| 041 | _aeng | ||
| 082 | _a615.1 AUG -P | ||
| 100 |
_aAUGSBURGER, LARRY L. AND HOAG , STEPHEN W _97738 |
||
| 245 | _aPHARMACEUTICAL DOSAGE FORM : MANUFACTURE AND PROCESS CONTROL VOL-3 | ||
| 250 | _a3ed ed. | ||
| 260 | _bINFORMA HEALTHCARE | ||
| 300 | _a311;P. | ||
| 650 |
_aPHARMACY _xB.PHARMA _97739 |
||
| 942 | _cBK | ||
| 999 |
_c8218 _d8216 |
||